000 00808nam a2200277Ia 4500
003 OSt
005 20221005043603.0
006 a|||||r|||| 00| 0
007 ta
008 221004b |||||||| |||| 00| 0 eng d
020 _a0 586 04463 9
024 _a37091
037 _cTextual
040 _aCRL
_cCRL
_beng
041 _2eng
_aeng
082 _aO111973,3M99,T5, L7
100 _aHemingway Ernest
110 _aGift from Prof Amitava Banerjee, England
_9579674
245 0 _aTorrents of spring
260 _aGreat
_bBritain Granada Publishing
_c1977
300 _a108p.
_ccm.
650 _aAMERICAN LITERATURE
700 _aGift from Prof Amitava Banerjee, England
_9579675
942 _hO111973,3M99,T5, L7
_cTEXL
_2cc
999 _c952117
_d952117